Municipalities of Denmark - Statistics

General Stats
  • This quiz has been taken 271 times
  • The average score is 55 of 98
Answer Stats
Inhabitants Region Municipality % Correct
572.287 Capital Copenhagen
99%
323.477 Middle Jutland Aarhus
95%
195.908 Southern Denmark Odense
95%
205.630 Northern Jutland Aalborg
92%
115.272 Southern Denmark Esbjerg
86%
84.471 Zealand Roskilde
83%
110.057 Southern Denmark Vejle
78%
90.279 Southern Denmark Kolding
76%
61.658 Capital Helsingør
75%
50.390 Southern Denmark Fredericia
74%
86.083 Middle Jutland Horsens
73%
75.221 Southern Denmark Sønderborg
73%
96.502 Middle Jutland Randers
72%
86.929 Middle Jutland Herning
71%
58.803 Zealand Køge
71%
37.874 Southern Denmark Middelfart
71%
94.788 Middle Jutland Viborg
70%
26.399 Southern Denmark Billund
68%
60.538 Northern Jutland Frederikshavn
68%
59.048 Southern Denmark Aabenraa
67%
40.096 Capital Bornholm
67%
102.658 Capital Frederiksberg
67%
81.530 Zealand Næstved
64%
31.396 Southern Denmark Nyborg
64%
89.950 Middle Jutland Silkeborg
64%
43.341 Zealand Lolland
63%
77.187 Zealand Slagelse
63%
57.978 Southern Denmark Svendborg
63%
38.206 Southern Denmark Tønder
63%
44.249 Northern Jutland Thisted
62%
55.971 Southern Denmark Haderslev
61%
65.564 Northern Jutland Hjørring
61%
57.526 Middle Jutland Holstebro
61%
52.047 Capital Hvidovre
61%
48.796 Capital Hillerød
60%
48.379 Zealand Kalundborg
60%
3.768 Middle Jutland Samsø
60%
51.096 Southern Denmark Faaborg-Midtfyn
59%
58.444 Middle Jutland Skanderborg
57%
13.951 Capital Dragør
56%
12.654 Southern Denmark Langeland
56%
46.949 Middle Jutland Skive
56%
74.644 Capital Gentofte
55%
68.979 Zealand Holbæk
55%
1.807 Northern Jutland Læsø
55%
33.516 Zealand Ringsted
55%
37.589 Capital Rødovre
55%
45.422 Zealand Vordingborg
55%
21.594 Middle Jutland Struer
54%
6.322 Southern Denmark Ærø
53%
34.886 Capital Brøndby
53%
20.838 Middle Jutland Lemvig
53%
50.110 Southern Denmark Varde
53%
35.162 Zealand Faxe
51%
44.555 Capital Frederikssund
51%
21.761 Capital Ishøj
51%
23.797 Southern Denmark Kerteminde
51%
66.925 Capital Gladsaxe
50%
48.982 Capital Høje-Taastrup
50%
24.816 Capital Hørsholm
50%
37.867 Middle Jutland Norddjurs
50%
29.270 Zealand Sorø
50%
41.714 Middle Jutland Syddjurs
50%
41.076 Southern Denmark Assens
49%
35.694 Northern Jutland Brønderslev
49%
3.256 Southern Denmark Fanø
49%
29.053 Southern Denmark Nordfyn
49%
57.215 Middle Jutland Ringkøbing-Skjern
49%
42.095 Northern Jutland Mariagerfjord
48%
42.748 Southern Denmark Vejen
48%
37.474 Northern Jutland Vesthimmerland
48%
27.721 Capital Albertslund
46%
39.701 Capital Fredensborg
46%
60.954 Zealand Guldborgsund
46%
38.423 Northern Jutland Jammerbugt
46%
40.763 Middle Jutland Ikast-Brande
45%
21.825 Middle Jutland Odder
45%
21.468 Zealand Solrød
45%
54.401 Capital Lyngby-Taarbæk
44%
24.250 Capital Allerød
43%
45.936 Middle Jutland Hedensted
43%
20.941 Northern Jutland Morsø
43%
21.920 Zealand Stevns
43%
42.366 Capital Tårnby
43%
48.509 Capital Ballerup
42%
48.540 Zealand Greve
42%
28.925 Northern Jutland Rebild
41%
27.972 Capital Herlev
40%
47.299 Middle Jutland Favrskov
39%
38.670 Capital Furesø
39%
15.103 Capital Vallensbæk
39%
22.243 Capital Glostrup
38%
55.228 Capital Rudersdal
38%
42.441 Capital Egedal
36%
27.048 Zealand Lejre
36%
40.968 Capital Gribskov
34%
32.743 Zealand Odsherred
34%
30.750 Capital Halsnæs
33%
No matching quizzes found
Score Distribution
Percent of People with Each Score
Percentile by Number Answered
Your Score History
You have not taken this quiz